| Tag |
First Indicator |
Second Indicator |
Subfields |
| LEADER |
00000cam a2200000 4500 |
| 001 |
in00000043334 |
| 005 |
20151007072756.0 |
| 008 |
770407s1939 caua 00010 eng |
| 010 |
|
|
|a 39027997
|
| 035 |
|
|
|a (OCoLC)02869937
|
| 035 |
|
|
|9 AAE8532AM
|
| 040 |
|
|
|a DLC
|c DMM
|d TXA
|d UtOrBLW
|
| 049 |
|
|
|a TXAM
|c [137841]
|
| 050 |
0 |
0 |
|a QK484.C2
|b R6
|
| 082 |
0 |
|
|a 582.1709794
|
| 092 |
|
|
|a 582.17
|b R884f
|
| 100 |
1 |
|
|a Rowntree, Lester.
|
| 245 |
1 |
0 |
|a Flowering shrubs of California and their value to the gardener /
|c by Lester Rowntree; all photographs by author.
|
| 264 |
|
1 |
|a Stanford University, Calif. :
|b Stanford university press;
|a London :
|b H. Milford, Oxford university press,
|c [1939]
|
| 264 |
|
4 |
|c [©1939]
|
| 300 |
|
|
|a xii, 317 pages :
|b illustrations ;
|c 21 cm.
|
| 336 |
|
|
|a text
|b txt
|2 rdacontent
|
| 337 |
|
|
|a unmediated
|b n
|2 rdamedia
|
| 338 |
|
|
|a volume
|b nc
|2 rdacarrier
|
| 500 |
|
|
|a Map on lining-papers.
|
| 650 |
|
0 |
|a Shrubs
|z California.
|
| 650 |
|
0 |
|a Floriculture.
|
| 999 |
|
|
|a MARS
|
| 999 |
f |
f |
|s 8646fe61-237f-3793-9512-74f3eab485d4
|i b3d88865-8179-337a-9c37-74543c85a1e1
|t 0
|
| 952 |
f |
f |
|p ric
|a Texas A&M University
|b Rellis Campus
|c Joint Library Facility
|d Remote Storage
|t 0
|e QK484.C2 R6
|h Library of Congress classification
|i unmediated -- volume
|m A14800995846
|
| 998 |
f |
f |
|a QK484.C2 R6
|t 0
|l Remote Storage
|